Tropical medicine:/ (Record no. 953)

MARC details
000 -LEADER
fixed length control field 00723nam a22002177a 4500
003 - CONTROL NUMBER IDENTIFIER
control field OSt
005 - DATE AND TIME OF LATEST TRANSACTION
control field 20150120153925.0
008 - FIXED-LENGTH DATA ELEMENTS--GENERAL INFORMATION
fixed length control field 150120b xxu||||| |||| 00| 0 eng d
020 ## - INTERNATIONAL STANDARD BOOK NUMBER
International Standard Book Number 1853153435
022 ## - INTERNATIONAL STANDARD SERIAL NUMBER
International Standard Serial Number 00071420
040 ## - CATALOGING SOURCE
Transcribing agency DNLM
082 ## - DEWEY DECIMAL CLASSIFICATION NUMBER
Classification number WC 680 T74t 1998
245 ## - TITLE STATEMENT
Title Tropical medicine:/
Statement of responsibility, etc. Edited byDavid A Warrel.
Remainder of title achievements and prospects /
260 ## - PUBLICATION, DISTRIBUTION, ETC. (IMPRINT)
Place of publication, distribution, etc. Scotland :
Name of publisher, distributor, etc. Royal Society of medicine press ;
Date of publication, distribution, etc. 1998
300 ## - PHYSICAL DESCRIPTION
Extent iv, 254 p :
Other physical details ill ;
Dimensions 27 cm
440 ## - SERIES STATEMENT/ADDED ENTRY--TITLE
Title British medical bulletin
Number of part/section of a work 2
Name of part/section of a work A series of Expert reviews
Volume/sequential designation 54
International Standard Serial Number 00071420
9 (RLIN) 2562
504 ## - BIBLIOGRAPHY, ETC. NOTE
Bibliography, etc Includes bibliographical references and index,
650 ## - SUBJECT ADDED ENTRY--TOPICAL TERM
Topical term or geographic name as entry element Tropical medicine
9 (RLIN) 2563
700 ## - ADDED ENTRY--PERSONAL NAME
Relator code Editor
Personal name Warrel David A
9 (RLIN) 2564
942 ## - ADDED ENTRY ELEMENTS (KOHA)
Source of classification or shelving scheme Other/Generic Classification Scheme
Koha item type Short Loan
Holdings
Withdrawn status Lost status Source of classification or shelving scheme Damaged status Not for loan Home library Current library Date acquired Source of acquisition Inventory number Total Checkouts Full call number Barcode Date last seen Price effective from Koha item type
    Other/Generic Classification Scheme     MUST Main Library MUST Main Library 20/01/2015   2002/16904   WC 680 T74t 1998 2015-0188 20/01/2015 20/01/2015 Short Loan